01260nam0a22002651 4500001001100000005001700011021001900028035002600047100004100073101000800114102000700122105001800129200002800147210005100175215001500226225007300241300017000314300020200484517009800686606012400784700002400908801001800932801002200950852002200972rc\486551120250613022544.0 aRUb[60-40030] a(NLR Aleph) 008907282 a20130426d1960 |||y0rusy50 ca0 arus aRU ay z |||||1 aНаша гвардия aКазаньcТаткнигоиздатd1960 a12 с.d201 aБиблиотечка сельского коммунистаv[10] aПеред загл. авт.: Б. Назмиев, секретарь парт. организации колхоза "Кзыл юлдуз" Лаишев. район aВложена с 10-ю другими книгами этой серии в папку с загл.: Из опыта сельских партийных организаций Татарии0 aИз опыта сельских партийных организаций Татарии aПартийные организации и их работа в колхозахyТатарская АССР2psbo 1aНазмиевbБ. 0aRUbNLRgpsbo 1aRUbELAR2rusmarc aNLRj60-4/7819-10